Metodika investičnej výstavby a realizácia investičného procesu

Guardado en:
Detalles Bibliográficos
Formato: Libro
Lenguaje:eslovaco
Publicado: Bratislava Dom techn. ČSVTS 1989
Edición:1. vyd.
Etiquetas: Agregar Etiqueta
Sin Etiquetas, Sea el primero en etiquetar este registro!

MARC

LEADER 00000nam a2200000 4500
001 c034308
005 20221215070843.4
041 0 |a slo 
044 |a SK 
245 1 0 |a Metodika investičnej výstavby a realizácia investičného procesu 
250 |a 1. vyd. 
264 1 |a Bratislava  |b Dom techn. ČSVTS  |c 1989 
300 |a 38 s.